00298 a2200097 4500001001000000005001700010008004100027245004000068100002300108773006900131ART_1466120260410161913.0260409a 10aThe pereption of welfare inequality1 aVan Praag, Bernard0 tEuropean economic reviewg- Vol. 10, NÂș 2 (nov. 1977)wREV13346